000 00608nas a2200229 4500
001 BR9804480
003 BR-BrBNA
005 20231205101059.0
007 ta
008 230509b bl.|||p| |||| 00| 00por d
040 _aBR-BrBNA
_bpor
_cBiblioteca Nacional de Agricultura
041 _a(Pt)
072 _aJ10
100 1 _aPaiva, R.
245 1 _aA hora da espera
650 _aCafe
650 _aArmazem
650 _aArmazenamento
773 0 _tGlobo Rural (Brazil)
_xISSN 0102-6178
_g(Jun 1998), v. 13(152) p. 19-21
_wBR9804480
909 _a202311
_bLúcia
_c55
_dLúcia Elande
942 _2AGRIS
_n0
_cANA
999 _c159601
_d159601